Một số giải pháp nhằm nâng hiệu quả của chế định trả hồ sơ để điều tra bổ sung trong cải cách tư pháp ở nước ta hiện nay /

Bewaard in:
Bibliografische gegevens
Hoofdauteur: Nguyễn Thị Hải Châu.
Formaat: Artikel
Taal:Vietnamese
Onderwerpen:
Tags: Voeg label toe
Geen labels, Wees de eerste die dit record labelt!
Thư viện lưu trữ: Thư viện Trường Đại học Đà Lạt
LEADER 00909nam a2200277 4500
001 DLU160178302
005 ##20161221
040 # # |a DLU  |b vie 
041 # # |a vie 
044 # # |a vn 
100 # # |a Nguyễn Thị Hải Châu. 
245 # # |a Một số giải pháp nhằm nâng hiệu quả của chế định trả hồ sơ để điều tra bổ sung trong cải cách tư pháp ở nước ta hiện nay /  |c Nguyễn Thị Hải Châu. 
653 # # |a Điều tra 
653 # # |a Cải cách tư pháp  
653 # # |a Chế định 
653 # # |a Hồ sơ 
773 # # |t Tạp chí Tòa án nhân dân  |g Số20, 2012, tr. 13-16 
920 # # |a Phòng Tạp chí -- Trung tâm Thông tin - Thư viện Trường Đại học Đà Lạt 
994 # # |a DLU 
900 # # |a True 
911 # # |a Nguyễn Thị Mai Anh 
925 # # |a G 
926 # # |a A 
927 # # |a BB 
980 # # |a Thư viện Trường Đại học Đà Lạt